000 02693nam0a2200385 4500
001 RU\NLR\BIBL_A\011919017
005 20250626151805.0
020 _aRU
_b[5598(2)]
_9Сводный каталог листовок первых лет Советской власти (25 октября (7 ноября) 1917 - 1925). Листовки партийных, советских, военных, профсоюзных, комсомольских и других организаций Украинской ССР, Белорусской ССР, Закавказских и Среднеазиатских Pеспублик
035 _a(NLR Aleph) 011919017
090 _a10981062
_c10981062
100 _a20171207d1920 |||y0rusy50 ca
101 0 _arus
_aukr
102 _aRU
105 _ay z 000zy
135 _acrcn 024apada
200 1 _aРабочим, крестьянам и всем гражданам Украинской Советской Социалистической Республики. "Братья украинцы! Тяжелым гнетом лежало правление московских и петроградских царей на Украине ..."
_e[листовка]
210 _a[Б. м.]
_cГуб. отд. печати
_d[1920]
215 _a2 с. в 2 стлб.
_d32x23
300 _aПодпись: Совет народных комиссаров Украины
300 _aНа рус. и укр. яз.
325 1 _aКопия доступна в Электронной библиотеке РНБ
327 1 _aПризыв к совместной борьбе русского и украинского народов против наступления белополяков
517 1 _aБратья украинцы! Тяжелым гнетом лежало правление московских и петроградских царей на Украине ...
517 1 _aТяжелым гнетом лежало правление московских и петроградских царей на Украине ...
540 1 _aПризыв к совместной борьбе русского и украинского народов против наступления белополяков
711 0 1 _aУССР
_bСовет народных комиссаров
_9628981
_3RU\NLR\AUTH\880484290
852 _aNLR
_bФЛ
_j58/64
942 _cBOOK
980 _aNB
981 2 1 _a(21) Листовки
_b(21) Листовки 1920 года